| 000 | 00358nam a2200109Ia 4500 | ||
|---|---|---|---|
| 008 | 171211s9999 xx 000 0 und d | ||
| 245 | _aEat Like a President: The White House Cookbook: Book One: Volume 1 | ||
| 245 | _cFanny Lemira Gillette and Hugo Ziemann | ||
| 260 | _c2017 | ||
| 650 | _xCOOKBOOKS | ||
| 856 | _uhttp://down.ebook777.com/064/9781945772337.pdf | ||
| 999 |
_c348119 _d348119 |
||